00482nam a22001577a 450000500170000001000150001702000260003203500130005803700130007108200080008410000180009224500930011026000440020327000450024730000320029220100819123917.0 aENG-100993 a9788123202020c120.00 aEN-84526 bDBAD/PUB a270 aV Abdur Rahim aSelections from the gorious Quran with lexical and grammatical notes /cby V Abdur Rahim aChennaibIslamic Foundation Trustc2008 a138 Perambur High Road bChennaie600012 ax,134pc24cm(pbk)e1 CD ROM